[Event "New York 1000 GM Fall IM-B"]
[Site "New York"]
[Date "2023.11.12"]
[Round "8"]
[White "Yudasin, Leonid"]
[Black "Nasta, Kiren Vivek"]
[Result "1/2-1/2"]
[WhiteElo "2369"]
[BlackElo "2020"]
[PlyCount "29"]
[EventDate "2023.11.08"]
[EventType "tourn"]
[EventRounds "9"]
[EventCountry "USA"]
[SourceTitle "CB46_2023"]
[SourceDate "2023.11.15"]
[SourceVersion "1"]
[SourceVersionDate "2023.11.15"]
[SourceQuality "1"]

1. e4 e5 2. Nf3 Nc6 3. Bc4 Nf6 4. d3 Bc5 5. 0-0 d6 6. c3 a6 7. Bb3 h6 8. Re1 0-0 9. Nbd2 Be6 10. Nf1 Bxb3 11. Qxb3 Qd7 12. Be3 Bxe3 13. Nxe3 Rfe8 14. h3 d5 15. Qd1 1/2-1/2

[Event "New York Marshall Labor Day IM"]
[Site "New York"]
[Date "2023.09.02"]
[Round "5"]
[White "Rorrer, Grayson"]
[Black "Yudasin, Leonid"]
[Result "1-0"]
[WhiteElo "2287"]
[BlackElo "2385"]
[PlyCount "79"]
[EventDate "2023.08.31"]
[EventType "tourn"]
[EventRounds "9"]
[EventCountry "USA"]
[SourceTitle "EXT 2024"]
[Source "ChessBase"]
[SourceDate "2023.10.10"]
[SourceVersion "1"]
[SourceVersionDate "2023.10.10"]
[SourceQuality "1"]

1. d4 Nf6 2. c4 e6 3. g3 Bb4+ 4. Bd2 a5 5. Bg2 d5 6. Nf3 Bxd2+ 7. Qxd2 0-0 8. 0-0 b6 9. Nc3 Bb7 10. Ne5 Nbd7 11. Rfd1 Ne4 12. Qc2 Nxc3 13. Qxc3 c6 14. e4 Nf6 15. exd5 exd5 16. Rac1 Re8 17. Qb3 a4 18. Qc3 h6 19. cxd5 cxd5 20. Qb4 Ne4 21. Rc2 Qd6 22. Qxd6 Nxd6 23. Nd7 Nc4 24. Rxc4 dxc4 25. Bxb7 Ra7 26. Bc6 Re2 27. Nxb6 a3 28. bxa3 c3 29. Nc4 Rae7 30. Ne3 Rxa2 31. Nd5 Re6 32. Nxc3 Rc2 33. Bd5 Rxc3 34. Bxe6 fxe6 35. Ra1 Rd3 36. a4 Rxd4 37. a5 Rd7 38. a6 Ra7 39. Kg2 Kf7 40. Kf3 1-0

[Event "New York Fall GM-B"]
[Site "Long Island City"]
[Date "2022.11.13"]
[Round "8"]
[White "Yudasin, Leonid"]
[Black "Javakhadze, Zurab"]
[Result "1/2-1/2"]
[WhiteElo "2401"]
[BlackElo "2481"]
[PlyCount "30"]
[EventDate "2022.11.09"]
[EventType "tourn"]
[EventRounds "9"]
[EventCountry "USA"]
[SourceTitle "CBM 211 Extra"]
[Source "ChessBase"]
[SourceDate "2023.01.31"]
[SourceVersion "1"]
[SourceVersionDate "2023.01.31"]
[SourceQuality "1"]

1. Nf3 d5 2. c4 e6 3. d4 Nf6 4. Nc3 Be7 5. Bg5 h6 6. Bh4 0-0 7. e3 Ne4 8. Bxe7 Qxe7 9. Qc2 Nxc3 10. Qxc3 dxc4 11. Bxc4 c5 12. 0-0 Nc6 13. dxc5 Qxc5 14. Rac1 Bd7 15. Rfd1 Rfd8 1/2-1/2

[Event "New York Summer GM-B"]
[Site "New York"]
[Date "2022.07.09"]
[Round "5"]
[White "Tiglon, Bryce"]
[Black "Yudasin, Leonid"]
[Result "1/2-1/2"]
[WhiteElo "2391"]
[BlackElo "2396"]
[PlyCount "55"]
[EventDate "2022.07.07"]
[EventType "tourn"]
[EventRounds "9"]
[EventCountry "USA"]
[EventCategory "6"]
[SourceTitle "CBM 209 Extra"]
[Source "ChessBase"]
[SourceDate "2022.09.30"]
[SourceVersion "1"]
[SourceVersionDate "2022.09.30"]
[SourceQuality "1"]

1. e4 c5 2. Nf3 d6 3. d4 cxd4 4. Qxd4 Nc6 5. Bb5 Bd7 6. Qd3 g6 7. c4 Bg7 8. Nc3 Nf6 9. 0-0 0-0 10. h3 Rc8 11. Be3 a6 12. Bxc6 Bxc6 13. Nd4 Nd7 14. Rac1 Nc5 15. Qc2 Ne6 16. Rfd1 Nxd4 17. Bxd4 Bh6 18. Rb1 b5 19. cxb5 Bxb5 20. e5 d5 21. a4 Bc6 22. Qe2 Qd7 23. Qxa6 Ra8 24. Qd3 Bxa4 25. b3 Bc6 26. b4 Rfc8 27. Bc5 Bf8 28. Qd4 1/2-1/2

[Event "New York Summer GM-B"]
[Site "New York"]
[Date "2022.07.08"]
[Round "2"]
[White "Yudasin, Leonid"]
[Black "Griffith, Kyron"]
[Result "1/2-1/2"]
[WhiteElo "2396"]
[BlackElo "2357"]
[PlyCount "36"]
[EventDate "2022.07.07"]
[EventType "tourn"]
[EventRounds "9"]
[EventCountry "USA"]
[EventCategory "6"]
[SourceTitle "CBM 209 Extra"]
[Source "ChessBase"]
[SourceDate "2022.09.30"]
[SourceVersion "1"]
[SourceVersionDate "2022.09.30"]
[SourceQuality "1"]

1. Nf3 Nf6 2. c4 e6 3. g3 d5 4. Bg2 dxc4 5. Qa4+ Bd7 6. Qxc4 c5 7. Ne5 Qc8 8. Nc3 Nc6 9. Nxd7 Qxd7 10. 0-0 Rc8 11. Qa4 a6 12. d3 Be7 13. Be3 0-0 14. Rac1 Rfd8 15. Rfe1 Rc7 16. a3 Qc8 17. Ne4 Nxe4 18. Bxe4 Nd4 1/2-1/2

[Event "San Jose Mission 360-A"]
[Site "San Jose"]
[Date "2022.03.28"]
[Round "7"]
[White "Yudasin, Leonid"]
[Black "Stearman, Josiah P"]
[Result "1/2-1/2"]
[WhiteElo "2454"]
[BlackElo "2388"]
[PlyCount "24"]
[EventDate "2022.03.25"]
[EventType "tourn"]
[EventRounds "9"]
[EventCountry "USA"]
[EventCategory "8"]
[SourceTitle "CBM 207 Extra"]
[Source "ChessBase"]
[SourceDate "2022.05.31"]
[SourceVersion "1"]
[SourceVersionDate "2022.05.31"]
[SourceQuality "1"]

1. Nf3 Nf6 2. c4 c6 3. d4 d5 4. e3 Bf5 5. Bd3 Bxd3 6. Qxd3 e6 7. 0-0 Nbd7 8. Nc3 Bd6 9. e4 dxe4 10. Nxe4 Nxe4 11. Qxe4 Nf6 12. Qe2 h6 1/2-1/2

[Event "San Jose Mission 360-A"]
[Site "San Jose"]
[Date "2022.03.26"]
[Round "2"]
[White "Daggupati, Balaji"]
[Black "Yudasin, Leonid"]
[Result "1-0"]
[WhiteElo "2463"]
[BlackElo "2454"]
[PlyCount "39"]
[EventDate "2022.03.25"]
[EventType "tourn"]
[EventRounds "9"]
[EventCountry "USA"]
[EventCategory "8"]
[SourceTitle "CBM 207 Extra"]
[Source "ChessBase"]
[SourceDate "2022.05.31"]
[SourceVersion "1"]
[SourceVersionDate "2022.05.31"]
[SourceQuality "1"]

1. e4 c5 2. Nf3 e6 3. d4 cxd4 4. Nxd4 a6 5. Be2 Nf6 6. Nc3 d6 7. 0-0 Qc7 8. f4 Nc6 9. Be3 Be7 10. Kh1 Bd7 11. Qe1 b5 12. a3 Nxd4 13. Bxd4 Bc6 14. Qg3 0-0 15. Rae1 g6 16. f5 Rae8 17. Qh3 gxf5 18. Qh6 Qd8 19. Rf3 Kh8 20. Bxf6+ 1-0

[Event "San Jose Mission 360-A"]
[Site "San Jose"]
[Date "2022.03.25"]
[Round "1"]
[White "Yudasin, Leonid"]
[Black "Nagy, Gabor"]
[Result "1/2-1/2"]
[WhiteElo "2454"]
[BlackElo "2518"]
[PlyCount "27"]
[EventDate "2022.03.25"]
[EventType "tourn"]
[EventRounds "9"]
[EventCountry "USA"]
[EventCategory "8"]
[SourceTitle "CBM 207 Extra"]
[Source "ChessBase"]
[SourceDate "2022.05.31"]
[SourceVersion "1"]
[SourceVersionDate "2022.05.31"]
[SourceQuality "1"]

1. c4 Nf6 2. Nf3 g6 3. b4 Bg7 4. Bb2 b6 5. g3 Bb7 6. Bg2 0-0 7. d3 d6 8. 0-0 c5 9. a3 Nbd7 10. Nc3 e6 11. Rc1 Qe7 12. e4 Rfd8 13. Re1 Rac8 14. Qb3 1/2-1/2

[Event "New York Winter IM-C"]
[Site "New York"]
[Date "2022.01.16"]
[Round "7"]
[White "Nakada, Akira W"]
[Black "Yudasin, Leonid"]
[Result "1/2-1/2"]
[WhiteElo "2275"]
[BlackElo "2465"]
[PlyCount "52"]
[EventDate "2022.01.13"]
[EventType "tourn"]
[EventRounds "9"]
[EventCountry "USA"]
[EventCategory "2"]
[SourceTitle "CBM 206 Extra"]
[Source "ChessBase"]
[SourceDate "2022.03.31"]
[SourceVersion "1"]
[SourceVersionDate "2022.03.31"]
[SourceQuality "1"]

1. c4 c5 2. Nf3 g6 3. e4 Bg7 4. d4 cxd4 5. Nxd4 Nf6 6. Nc3 d6 7. f3 0-0 8. Be3 Nc6 9. Be2 Bd7 10. Qd2 Nxd4 11. Bxd4 Bc6 12. h4 h5 13. 0-0-0 a6 14. g4 e5 15. Be3 hxg4 16. Bg5 Qb6 17. Bxf6 Bxf6 18. fxg4 Qd4 19. Qh6 Bg7 20. Qg5 Qf2 21. Rdf1 Qd4 22. Rh3 Bxe4 23. Rd1 Qf2 24. Rf1 Qd4 25. Rd1 Bc6 26. Re1 Qe4 1/2-1/2